The plague killers. (Record no. 94087)

MARC details
000 -LEADER
fixed length control field 00750cam a2200265 4500
005 - DATE AND TIME OF LATEST TRANSACTION
control field 20180518123624.0
008 - FIXED-LENGTH DATA ELEMENTS--GENERAL INFORMATION
fixed length control field 690528s1969 nyu b 001 0 eng
080 ## - UNIVERSAL DECIMAL CLASSIFICATION NUMBER
Universal Decimal Classification number 614.4
Item number WIL
100 1# - MAIN ENTRY--PERSONAL NAME
Personal name Williams, Greer,
245 14 - TITLE STATEMENT
Title The plague killers.
260 ## - PUBLICATION, DISTRIBUTION, ETC. (IMPRINT)
Place of publication, distribution, etc New York,
Name of publisher, distributor, etc Scribner
Date of publication, distribution, etc [1969]
300 ## - PHYSICAL DESCRIPTION
Extent xii, 345 p.
Other physical details front.
Dimensions 22 cm.
650 #0 - SUBJECT ADDED ENTRY--TOPICAL TERM
Topical term or geographic name as entry element Hookworm disease.
650 #0 - SUBJECT ADDED ENTRY--TOPICAL TERM
Topical term or geographic name as entry element Malaria.
650 #0 - SUBJECT ADDED ENTRY--TOPICAL TERM
Topical term or geographic name as entry element Yellow fever.
650 #0 - SUBJECT ADDED ENTRY--TOPICAL TERM
Topical term or geographic name as entry element Insects as carriers of disease.
653 ## - INDEX TERM--UNCONTROLLED
Uncontrolled term Hookworm disease.
-- Malaria.
-- Yellow fever.
-- Insects as carriers of disease
942 ## - ADDED ENTRY ELEMENTS (KOHA)
item type Books
Holdings
Lost status Source of classification or shelving scheme Not for loan Home library Current library Date acquired Total Checkouts Full call number Barcode Date last seen Price effective from Koha item type
  Universal Decimal Classification   University Library University Library 18/05/2018   614.4 WIL:1 G0001989 18/05/2018 18/05/2018 Books
University Library, CUSAT